1092 1264 1971 1611 1419 1741 1267 1237 1360 1322 1775 1539 1651 1450 1642 1737 1550 1133 1495 1451 1093 1926 1254 1564 1907 1018 1044 1666 1396 1721 1175 1772 1459 1247 1650 1868 1889 1104 1957 1758 1555 1545 1334 1294 1326 1768 1472 1227 1444 1885 1171 1838 1546 1204 1610 1365 1739 1764 1120 1802 1072 1948 1107 1476 1649 1646 1113 1882 1425 1161 1047 1199 1437 1858 1019 1003 1228 1636 1126 1888 1473 1596 1017 1245 1562 1477 1934 1395 1638 1928 1912 1750 1882 1475 1498 1783 1898 1557 1856 BCNSPRNW ULIB Ver.6.0+V

เปลี่ยนเป็นภาษาไทย

Change to English
 แสดงรายละเอียดบรรณานุกรม
  กลับหน้าหลัก

Brief Record : Get Marc (ISO 2709) : E-mail record : QR code < ปิดหน้าต่าง
LEADER : 00000nam 2200000uu 4500
001    13399112896
003     ULIB
008    110916s2551||||th 000 0 tha d
020    9789741033683
090    นว.^bพ724ค 2551
100 0  พิมลพัทธ์
245 00 คือดาราแห่งใจ/^cพิมลพัทธ์
250    พิมพ์ครั้งที่ 3
260    กรุงเทพฯ :^bแจ่มใส,^c2551
300    253 หน้า
945    ^p159^l0^i15021
995    กัณชพร
999    ^aใช้งานได้ทุกระบบ
รายการนี้ยังไม่มีแท็ก
คุณยังไม่ได้ล็อกอิน คุณสามารถมีกิจกรรมร่วมกับเว็บไซต์ได้ แต่ต้องล็อกอินก่อน ::
  ล็อกอิน

รายการสื่อสารสนเทศ

ลำดับที่ ประเภท เลขเรียก/บาร์โค้ด สถานที่ สถานะ
1. นวนิยาย
นวนิยาย
นว. พ724ค 2551  
  Barcode: 15021
ห้องสมุดวิทยาเขตสวรรค์ประชารักษ์
►นวนิยาย
บนชั้น
  ขอยืม

BibComment


ยังไม่เคยถูกคอมเมนท์

คอมเมนท์ทรัพยากรรายการนี้
  คอมเมนท์: คือดาราแห่งใจ พิม..


 Copyright 2026. Bcnsprnw @Library